000 00430nam a2200181Ia 4500
001 8701
005 20260306160629.0
008 260306t2008||||xx |||||||||||||| ||spa||
041 _aESP
082 _a371.3
_bG66
100 _aGonzález, Diego
_eAUT
245 0 _aDidáctica o dirección del aprendizaje
260 _c2008
300 _a326 páginas :
_c24 cm.
650 _aGEN
654 _aCED
942 _cLIB
_dJUS
_fJUS
_2ddc
_n
999 _c8701
_d8701